<?xml version="1.0" encoding="UTF-8"?>
<record
    xmlns:xsi="http://www.w3.org/2001/XMLSchema-instance"
    xsi:schemaLocation="http://www.loc.gov/MARC21/slim http://www.loc.gov/standards/marcxml/schema/MARC21slim.xsd"
    xmlns="http://www.loc.gov/MARC21/slim">

  <leader>00696caa a22001572a 4500</leader>
  <controlfield tag="001">  022668</controlfield>
  <controlfield tag="003">  AR-FADEU</controlfield>
  <controlfield tag="008">  311216n########xxu####################dd</controlfield>
  <datafield tag="092" ind1=" " ind2=" ">
    <subfield code="a">303.483</subfield>
    <subfield code="b">M827</subfield>
  </datafield>
  <datafield tag="100" ind1=" " ind2=" ">
    <subfield code="a">Mart&#xED;n Barbero, Jes&#xFA;s</subfield>
  </datafield>
  <datafield tag="245" ind1=" " ind2=" ">
    <subfield code="a">Convergencia digital y diversidad cultural</subfield>
  </datafield>
  <datafield tag="300" ind1=" " ind2=" ">
    <subfield code="a">PP. 137-165</subfield>
  </datafield>
  <datafield tag="500" ind1=" " ind2=" ">
    <subfield code="a">En: Mutaciones de lo visible : una comunicaci&#xF3;n y procesos culturales en la era digital /comp. Denis de Moraes. Buenos Aires : Paid&#xF3;s, 2010</subfield>
  </datafield>
  <datafield tag="942" ind1=" " ind2=" ">
    <subfield code="c">BDGR</subfield>
  </datafield>
  <datafield tag="999" ind1=" " ind2=" ">
    <subfield code="c">28365</subfield>
    <subfield code="d">28365</subfield>
  </datafield>
  <datafield tag="773" ind1="0" ind2=" ">
    <subfield code="0">28356</subfield>
    <subfield code="9">27642</subfield>
    <subfield code="a">Moraes, Denis de, comp.</subfield>
    <subfield code="b"></subfield>
    <subfield code="d">Buenos Aires</subfield>
    <subfield code="o">19955</subfield>
    <subfield code="t">Mutaciones de lo visible : una comunicaci&#xF3;n y procesos culturales en la era digital</subfield>
    <subfield code="w">(  AR-FADEU)  022659</subfield>
    <subfield code="x"></subfield>
    <subfield code="z">978-950-12-2733-8</subfield>
  </datafield>
</record>
